000 00531nam a2200169Ia 4500
005 20250508151636.0
008 008 250505s9999 xx 000 0 eng d
037 _aBooks to be hide in OPAC
040 _aFEDL
_beng
_cFEDL
041 _aeng
_2eng
084 _a621.02, KEN
_qFEDL
100 _aKents'
_9759653
245 0 _aMechanical engineers' handbook in two volumes design and production volume
260 _aNew York, USA
_bJohn Wiley and Sons
_c1950
942 _cHB
_h621.02, KEN
999 _c1331092
_d1331092